[Event "British Rapidplay Championship 2023"]
[Site "Mercure Bradford, Bankfield Hotel"]
[Date "2023.04.15"]
[Round "3.2"]
[White "McKay, Jonathan"]
[Black "Jackman, Matthew"]
[Result "0-1"]
[TimeControl "All moves in 15 minutes plus 10 second increment per move from move 1"]
[WhiteElo "1796"]
[BlackElo "2053"]

1. e4 {[%clk 00:15:18]} {[%emt 00:00:01]} c6 {[%clk 00:15:19]} {[%emt
00:00:01]} 2. Nf3 {[%clk 00:15:19]} {[%emt 00:00:09]} d5 {[%clk 00:15:28]}
{[%emt 00:00:02]} 3. Nc3 {[%clk 00:15:27]} {[%emt 00:00:02]} dxe4 {[%clk
00:15:36]} {[%emt 00:00:01]} 4. Nxe4 {[%clk 00:15:31]} {[%emt 00:00:07]} Nf6
{[%clk 00:15:43]} {[%emt 00:00:02]} 5. Qe2 {[%clk 00:15:17]} {[%emt 00:00:24]}
Bf5 {[%clk 00:15:50]} {[%emt 00:00:03]} 6. Nxf6+ {[%clk 00:15:08]} {[%emt
00:00:19]} gxf6 {[%clk 00:15:57]} {[%emt 00:00:04]} 7. d4 {[%clk 00:14:49]}
{[%emt 00:00:29]} e6 {[%clk 00:16:02]} {[%emt 00:00:04]} 8. Bf4 {[%clk
00:14:07]} {[%emt 00:00:50]} Qa5+ {[%clk 00:15:39]} {[%emt 00:00:35]} 9. Bd2
{[%clk 00:13:42]} {[%emt 00:00:33]} Qc7 {[%clk 00:15:46]} {[%emt 00:00:05]} 10.
O-O-O {[%clk 00:13:09]} {[%emt 00:00:43]} Bd6 {[%clk 00:15:30]} {[%emt
00:00:26]} 11. Nh4 {[%clk 00:12:56]} {[%emt 00:00:23]} Bg6 {[%clk 00:15:37]}
{[%emt 00:00:03]} 12. g3 {[%clk 00:12:06]} {[%emt 00:00:59]} Nd7 {[%clk
00:15:38]} {[%emt 00:00:10]} 13. f4 {[%clk 00:11:34]} {[%emt 00:00:41]} f5
{[%clk 00:15:44]} {[%emt 00:00:04]} 14. g4 {[%clk 00:10:07]} {[%emt 00:01:36]}
fxg4 {[%clk 00:15:28]} {[%emt 00:00:28]} 15. f5 {[%clk 00:10:06]} {[%emt
00:00:11]} Bh5 {[%clk 00:14:08]} {[%emt 00:01:31]} 16. fxe6 {[%clk 00:10:06]}
{[%emt 00:00:09]} fxe6 {[%clk 00:14:08]} {[%emt 00:00:10]} 17. Qxe6+ {[%clk
00:10:00]} {[%emt 00:00:15]} Kd8 {[%clk 00:14:15]} {[%emt 00:00:04]} 18. Nf5
{[%clk 00:09:05]} {[%emt 00:01:04]} Bf4 {[%clk 00:13:36]} {[%emt 00:00:50]} 19.
Qe7+ {[%clk 00:08:43]} {[%emt 00:00:31]} Kc8 {[%clk 00:13:43]} {[%emt
00:00:04]} 20. Bc4 {[%clk 00:06:45]} {[%emt 00:02:07]} Bg6 {[%clk 00:09:49]}
{[%emt 00:04:04]} 21. Ng7 {[%clk 00:05:10]} {[%emt 00:01:45]} Bd6 {[%clk
00:08:52]} {[%emt 00:01:09]} 22. Qg5 {[%clk 00:05:05]} {[%emt 00:00:13]} b5
{[%clk 00:07:15]} {[%emt 00:01:48]} 23. Be6 {[%clk 00:04:29]} {[%emt 00:00:44]}
Kb7 {[%clk 00:07:11]} {[%emt 00:00:16]} 24. Nf5 {[%clk 00:04:11]} {[%emt
00:00:28]} Bxf5 {[%clk 00:05:50]} {[%emt 00:01:31]} 25. Qxf5 {[%clk 00:04:13]}
{[%emt 00:00:08]} Raf8 {[%clk 00:05:40]} {[%emt 00:00:20]} 26. Qxg4 {[%clk
00:04:13]} {[%emt 00:00:09]} Nf6 {[%clk 00:05:48]} {[%emt 00:00:03]} 27. Qg2
{[%clk 00:04:04]} {[%emt 00:00:17]} Re8 {[%clk 00:05:23]} {[%emt 00:00:37]} 28.
Bb3 {[%clk 00:03:36]} {[%emt 00:00:36]} Ne4 {[%clk 00:05:16]} {[%emt 00:00:19]}
29. Kb1 {[%clk 00:03:17]} {[%emt 00:00:28]} a5 {[%clk 00:05:11]} {[%emt
00:00:16]} 30. a4 {[%clk 00:03:02]} {[%emt 00:00:26]} bxa4 {[%clk 00:04:44]}
{[%emt 00:00:37]} 31. Bxa4 {[%clk 00:03:07]} {[%emt 00:00:04]} Rhg8 {[%clk
00:04:51]} {[%emt 00:00:03]} 32. Qf3 {[%clk 00:03:02]} {[%emt 00:00:13]} Rgf8
{[%clk 00:04:59]} {[%emt 00:00:04]} 33. Qb3+ {[%clk 00:03:07]} {[%emt
00:00:05]} Ka7 {[%clk 00:04:57]} {[%emt 00:00:12]} 34. Be3 {[%clk 00:02:57]}
{[%emt 00:00:18]} Rb8 {[%clk 00:05:02]} {[%emt 00:00:07]} 35. d5+ {[%clk
00:02:25]} {[%emt 00:00:42]} c5 {[%clk 00:05:03]} {[%emt 00:00:09]} 36. Qd3
{[%clk 00:02:11]} {[%emt 00:00:21]} Rb4 {[%clk 00:04:55]} {[%emt 00:00:20]} 37.
Bb5 {[%clk 00:01:48]} {[%emt 00:00:31]} Rb8 {[%clk 00:05:00]} {[%emt 00:00:08]}
38. c4 {[%clk 00:01:52]} {[%emt 00:00:05]} Qg7 {[%clk 00:04:55]} {[%emt
00:00:16]} 39. Qa3 {[%clk 00:01:27]} {[%emt 00:00:34]} Nc3+ {[%clk 00:03:44]}
{[%emt 00:01:22]} 40. Ka1 {[%clk 00:01:12]} {[%emt 00:00:23]} R8xb5 {[%clk
00:03:43]} {[%emt 00:00:13]} 41. cxb5 {[%clk 00:00:44]} {[%emt 00:00:38]} Ra4
{[%clk 00:03:49]} {[%emt 00:00:04]} 42. Qxa4 {[%clk 00:00:39]} {[%emt
00:00:16]} Nxa4 {[%clk 00:03:55]} {[%emt 00:00:03]} 43. Bc1 {[%clk 00:00:29]}
{[%emt 00:00:18]} Kb6 {[%clk 00:03:33]} {[%emt 00:00:34]} 44. Rhg1 {[%clk
00:00:35]} {[%emt 00:00:03]} Qe5 {[%clk 00:03:28]} {[%emt 00:00:15]} 45. Rg8
{[%clk 00:00:25]} {[%emt 00:00:19]} Kxb5 {[%clk 00:03:28]} {[%emt 00:00:12]} 46.
Rgg1 {[%clk 00:00:12]} {[%emt 00:00:23]} Qxh2 {[%clk 00:03:27]} {[%emt
00:00:11]} 47. Rge1 {[%clk 00:00:17]} {[%emt 00:00:05]} Qc2 {[%clk 00:02:58]}
{[%emt 00:00:38]} 48. Rd2 {[%clk 00:00:18]} {[%emt 00:00:09]} Qb3 {[%clk
00:02:54]} {[%emt 00:00:15]} 49. Re6 {[%clk 00:00:18]} {[%emt 00:00:09]} Bf4
{[%clk 00:03:00]} {[%emt 00:00:05]} 50. d6 {[%clk 00:00:11]} {[%emt 00:00:17]}
Bxd2 {[%clk 00:03:06]} {[%emt 00:00:04]} 51. d7 {[%clk 00:00:18]} {[%emt
00:00:04]} Bxc1 {[%clk 00:03:11]} {[%emt 00:00:04]} 0-1

[Event "British Rapidplay Championship 2023"]
[Site "Mercure Bradford, Bankfield Hotel"]
[Date "2023.04.15"]
[Round "3.3"]
[White "Mazek, Marek"]
[Black "Harker, Peter"]
[Result "1-0"]
[TimeControl "All moves in 15 minutes plus 10 second increment per move from move 1"]
[WhiteElo "2052"]
[BlackElo "1481"]

1. d4 {[%emt 00:26:24]} d5 {[%emt 00:00:01]} 2. c4 {[%clk 00:15:10]} Nf6 {[%clk
00:15:10]} {[%emt 00:00:02]} 3. Nc3 {[%clk 00:15:10]} {[%emt 00:00:14]} e6 4.
cxd5 {[%clk 00:00:00]} {[%emt 00:00:03]} exd5 {[%clk 00:16:00]} {[%emt
00:01:48]} 5. Bg5 {[%clk 00:15:58]} {[%emt 00:00:02]} Nbd7 {[%clk 00:15:51]}
{[%emt 00:00:20]} 6. e3 {[%clk 00:15:56]} {[%emt 00:00:11]} c6 {[%clk
00:15:59]} {[%emt 00:00:02]} 7. Qc2 {[%clk 00:15:58]} {[%emt 00:00:07]} Qa5
{[%clk 00:16:04]} {[%emt 00:00:06]} 8. Bd3 {[%clk 00:15:59]} {[%emt 00:00:09]}
h6 {[%clk 00:15:11]} {[%emt 00:01:04]} 9. Bh4 {[%clk 00:16:07]} {[%emt
00:00:01]} Bd6 {[%clk 00:14:54]} {[%emt 00:00:28]} 10. Nge2 {[%clk 00:16:06]}
{[%emt 00:00:10]} O-O {[%clk 00:14:54]} {[%emt 00:00:11]} 11. O-O {[%clk
00:16:10]} {[%emt 00:00:05]} Qc7 {[%clk 00:15:02]} {[%emt 00:00:02]} 12. Bg3
{[%clk 00:16:14]} {[%emt 00:00:06]} Re8 {[%clk 00:14:54]} {[%emt 00:00:18]} 13.
Nf4 {[%clk 00:16:14]} {[%emt 00:00:10]} Nf8 {[%clk 00:14:57]} {[%emt 00:00:07]}
14. Ncxd5 {[%clk 00:16:11]} {[%emt 00:00:13]} cxd5 {[%clk 00:14:20]} {[%emt
00:00:47]} 15. Qb3 {[%clk 00:16:06]} {[%emt 00:00:15]} Be6 {[%clk 00:14:00]}
{[%emt 00:00:31]} 16. Rfc1 {[%clk 00:16:03]} {[%emt 00:00:13]} Qb6 {[%clk
00:13:53]} {[%emt 00:00:17]} 17. Qxb6 {[%clk 00:14:30]} {[%emt 00:01:43]} axb6
{[%clk 00:14:00]} {[%emt 00:00:03]} 18. Bb5 {[%clk 00:13:38]} {[%emt 00:01:01]}
Rec8 {[%clk 00:14:04]} {[%emt 00:00:07]} 19. Rxc8 {[%clk 00:13:19]} {[%emt
00:00:28]} Rxc8 {[%clk 00:14:07]} {[%emt 00:00:07]} 20. Nxd5 {[%clk 00:13:17]}
{[%emt 00:00:11]} Nxd5 {[%clk 00:12:41]} {[%emt 00:01:37]} 21. Bxd6 {[%clk
00:13:21]} {[%emt 00:00:05]} Bd7 {[%clk 00:11:49]} {[%emt 00:01:03]} 22. Bd3
{[%clk 00:13:02]} {[%emt 00:00:28]} Rc6 {[%clk 00:10:36]} {[%emt 00:01:24]} 23.
Ba3 {[%clk 00:12:59]} {[%emt 00:00:12]} Rc8 {[%clk 00:10:13]} {[%emt 00:00:34]}
24. h4 {[%clk 00:13:02]} {[%emt 00:00:06]} b5 {[%clk 00:10:17]} {[%emt
00:00:07]} 25. Bd6 {[%clk 00:12:56]} {[%emt 00:00:15]} Rc6 {[%clk 00:10:15]}
{[%emt 00:00:11]} 26. Bxf8 {[%clk 00:12:48]} {[%emt 00:00:19]} Kxf8 {[%clk
00:10:24]} {[%emt 00:00:02]} 27. Bxb5 {[%clk 00:12:57]} {[%emt 00:00:02]} Rc7
{[%clk 00:10:22]} {[%emt 00:00:12]} 28. Bd3 {[%clk 00:12:38]} {[%emt 00:00:25]}
Nb4 {[%clk 00:10:31]} {[%emt 00:00:05]} 29. Be4 {[%clk 00:12:43]} {[%emt
00:00:02]} Bc6 {[%clk 00:10:29]} {[%emt 00:00:14]} 30. Bxc6 {[%clk 00:11:44]}
{[%emt 00:01:09]} Rxc6 {[%clk 00:10:31]} {[%emt 00:00:08]} 31. a3 {[%clk
00:11:51]} {[%emt 00:00:03]} Nd5 {[%clk 00:10:25]} {[%emt 00:00:17]} 32. g3
{[%clk 00:11:56]} {[%emt 00:00:04]} Ke7 {[%clk 00:10:32]} {[%emt 00:00:03]} 33.
b4 {[%clk 00:11:29]} {[%emt 00:00:37]} Nf6 {[%clk 00:10:30]} {[%emt 00:00:12]}
34. a4 {[%clk 00:10:58]} {[%emt 00:00:41]} Rc2 {[%clk 00:10:29]} {[%emt
00:00:11]} 35. a5 {[%clk 00:11:04]} {[%emt 00:00:05]} Ne4 {[%clk 00:10:12]}
{[%emt 00:00:27]} 36. b5 {[%clk 00:11:07]} {[%emt 00:00:06]} Nc3 {[%clk
00:09:26]} {[%emt 00:00:56]} 37. a6 {[%clk 00:11:11]} {[%emt 00:00:06]} bxa6
{[%clk 00:09:09]} {[%emt 00:00:27]} 38. bxa6 {[%clk 00:11:20]} {[%emt
00:00:01]} Nd5 {[%clk 00:08:40]} {[%emt 00:00:40]} 39. a7 {[%clk 00:11:27]}
{[%emt 00:00:03]} Nb6 {[%clk 00:08:49]} 40. a8=Q {[%clk 00:11:33]} {[%emt
00:00:04]} Nxa8 {[%clk 00:08:59]} {[%emt 00:00:01]} 41. Rxa8 {[%clk 00:11:41]}
{[%emt 00:00:02]} Ke6 {[%clk 00:09:00]} {[%emt 00:00:08]} 42. Ra5 {[%clk
00:11:49]} {[%emt 00:00:02]} Rc1+ {[%clk 00:08:53]} {[%emt 00:00:17]} 43. Kg2
{[%clk 00:11:58]} Rc2 {[%clk 00:09:03]} 44. h5 {[%clk 00:12:04]} {[%emt
00:00:04]} g6 {[%clk 00:09:07]} {[%emt 00:00:06]} 45. hxg6 {[%clk 00:12:12]}
{[%emt 00:00:01]} fxg6 {[%clk 00:09:17]} 46. e4 {[%clk 00:12:17]} {[%emt
00:00:05]} Rc4 {[%clk 00:09:22]} {[%emt 00:00:06]} 47. Ra6+ {[%clk 00:12:07]}
{[%emt 00:00:19]} Kf7 {[%clk 00:09:27]} {[%emt 00:00:05]} 48. Rd6 {[%clk
00:12:16]} Ke7 {[%clk 00:09:32]} {[%emt 00:00:06]} 49. Rxg6 {[%clk 00:12:09]}
{[%emt 00:00:16]} Rxd4 {[%clk 00:09:41]} {[%emt 00:00:01]} 50. Rxh6 {[%clk
00:12:18]} {[%emt 00:00:02]} Rxe4 {[%clk 00:09:50]} {[%emt 00:00:01]} 51. Kf3
{[%clk 00:12:22]} {[%emt 00:00:06]} Ra4 {[%clk 00:09:51]} {[%emt 00:00:09]} 52.
g4 {[%clk 00:12:26]} {[%emt 00:00:04]} Ra3+ {[%clk 00:09:54]} {[%emt 00:00:09]}
53. Kf4 {[%clk 00:12:34]} Ra4+ {[%clk 00:09:54]} {[%emt 00:00:10]} 54. Kg3
{[%clk 00:12:43]} Ra3+ {[%clk 00:10:02]} {[%emt 00:00:03]} 55. f3 {[%clk
00:12:52]} {[%emt 00:00:01]} Kf7 {[%clk 00:10:01]} {[%emt 00:00:11]} 56. Rb6
{[%clk 00:12:54]} {[%emt 00:00:07]} Rc3 {[%clk 00:10:04]} {[%emt 00:00:08]} 57.
Kf4 {[%clk 00:12:55]} {[%emt 00:00:08]} Rc4+ {[%clk 00:10:12]} {[%emt
00:00:02]} 58. Kg5 {[%clk 00:13:03]} Rc5+ {[%clk 00:10:16]} {[%emt 00:00:08]}
59. Kh4 {[%clk 00:13:11]} {[%emt 00:00:01]} Rc4 {[%clk 00:10:09]} {[%emt
00:00:17]} 60. Kh5 {[%clk 00:13:08]} {[%emt 00:00:13]} Rf4 {[%clk 00:10:05]}
{[%emt 00:00:14]} 61. Rb3 {[%clk 00:13:16]} {[%emt 00:00:02]} Kg7 {[%clk
00:09:54]} {[%emt 00:00:22]} 62. Kg5 {[%clk 00:13:21]} {[%emt 00:00:04]} Rc4
{[%clk 00:09:50]} {[%emt 00:00:13]} 63. Rb7+ {[%clk 00:13:27]} {[%emt
00:00:05]} Kf8 {[%clk 00:09:49]} {[%emt 00:00:12]} 64. f4 {[%clk 00:13:36]}
{[%emt 00:00:01]} Kg8 {[%clk 00:09:40]} {[%emt 00:00:19]} 65. f5 {[%clk
00:13:43]} {[%emt 00:00:03]} Kh8 {[%clk 00:09:34]} {[%emt 00:00:16]} 66. Kh5
{[%clk 00:13:34]} {[%emt 00:00:17]} Rc5 {[%clk 00:09:33]} {[%emt 00:00:12]} 67.
Kg6 {[%clk 00:13:42]} {[%emt 00:00:02]} Rc6+ {[%clk 00:09:27]} {[%emt
00:00:17]} 68. f6 {[%clk 00:13:49]} {[%emt 00:00:01]} Rc8 {[%clk 00:09:18]}
{[%emt 00:00:20]} 69. Rh7+ {[%clk 00:13:56]} {[%emt 00:00:03]} 1-0

[Event "British Rapidplay Championship 2023"]
[Site "Mercure Bradford, Bankfield Hotel"]
[Date "2023.04.15"]
[Round "3.4"]
[White "Donahue, Randolph E"]
[Black "Larchikov, Maksym"]
[Result "0-1"]
[TimeControl "All moves in 15 minutes plus 10 second increment per move from move 1"]
[WhiteElo "1722"]
[BlackElo "2045"]

1. e4 {[%clk 00:15:18]} {[%emt 00:00:02]} c5 {[%clk 00:15:14]} {[%emt
00:00:07]} 2. Nf3 {[%clk 00:15:26]} {[%emt 00:00:01]} d6 {[%clk 00:15:23]}
{[%emt 00:00:02]} 3. d4 {[%clk 00:15:34]} {[%emt 00:00:01]} cxd4 {[%clk
00:15:30]} {[%emt 00:00:03]} 4. Qxd4 {[%clk 00:15:42]} {[%emt 00:00:02]} Nc6
{[%clk 00:15:22]} {[%emt 00:00:18]} 5. Bb5 {[%clk 00:15:50]} {[%emt 00:00:03]}
Bd7 {[%clk 00:15:29]} {[%emt 00:00:03]} 6. Bxc6 {[%clk 00:15:58]} {[%emt
00:00:01]} Bxc6 {[%clk 00:15:37]} {[%emt 00:00:02]} 7. Nc3 {[%clk 00:16:05]}
{[%emt 00:00:03]} Nf6 {[%clk 00:14:48]} {[%emt 00:00:59]} 8. Bg5 {[%clk
00:16:10]} {[%emt 00:00:05]} e5 {[%clk 00:14:20]} {[%emt 00:00:38]} 9. Qd3
{[%clk 00:15:59]} {[%emt 00:00:21]} Be7 {[%clk 00:14:08]} {[%emt 00:00:22]} 10.
O-O-O {[%clk 00:15:58]} {[%emt 00:00:12]} Qb6 {[%clk 00:12:46]} {[%emt
00:01:31]} 11. Bxf6 {[%clk 00:13:55]} {[%emt 00:02:13]} Bxf6 {[%clk 00:11:41]}
{[%emt 00:01:14]} 12. Rd2 {[%clk 00:13:06]} {[%emt 00:01:00]} Be7 {[%clk
00:11:19]} {[%emt 00:00:32]} 13. Nd5 {[%clk 00:12:59]} {[%emt 00:00:18]} Bxd5
{[%clk 00:11:09]} {[%emt 00:00:19]} 14. Qxd5 {[%clk 00:13:06]} {[%emt
00:00:04]} Rc8 {[%emt 00:01:04]} 15. Qb3 {[%clk 00:12:37]} {[%emt 00:00:01]}
Qxb3 {[%clk 00:09:17]} {[%emt 00:01:45]} 16. axb3 {[%clk 00:12:46]} {[%emt
00:00:01]} f5 {[%clk 00:08:45]} {[%emt 00:00:42]} 17. Rd5 {[%clk 00:12:04]}
{[%emt 00:00:52]} f4 {[%clk 00:07:17]} {[%emt 00:01:38]} 18. Rhd1 {[%clk
00:11:51]} {[%emt 00:00:23]} Kf7 {[%clk 00:07:20]} {[%emt 00:00:08]} 19. Nd2
{[%clk 00:10:46]} {[%emt 00:01:14]} Ke6 {[%clk 00:07:06]} {[%emt 00:00:24]} 20.
Nc4 {[%clk 00:09:49]} {[%emt 00:01:07]} Rc6 {[%clk 00:06:11]} {[%emt 00:01:04]}
21. Kb1 {[%clk 00:09:22]} {[%emt 00:00:38]} g5 {[%clk 00:06:06]} {[%emt
00:00:15]} 22. f3 {[%clk 00:09:27]} {[%emt 00:00:04]} h5 {[%clk 00:06:07]}
{[%emt 00:00:10]} 23. b4 {[%clk 00:09:28]} {[%emt 00:00:10]} Rxc4 {[%clk
00:06:13]} {[%emt 00:00:04]} 24. c3 {[%clk 00:09:26]} {[%emt 00:00:11]} b6
{[%clk 00:06:15]} {[%emt 00:00:08]} 25. b3 {[%clk 00:09:33]} {[%emt 00:00:03]}
Rxc3 {[%clk 00:06:21]} {[%emt 00:00:04]} 26. Kb2 {[%clk 00:09:40]} {[%emt
00:00:03]} Rhc8 {[%clk 00:06:28]} {[%emt 00:00:03]} 0-1

[Event "British Rapidplay Championship 2023"]
[Site "Mercure Bradford, Bankfield Hotel"]
[Date "2023.04.15"]
[Round "3.5"]
[White "Kisteneva, Liza"]
[Black "Bastow, Mark A"]
[Result "1-0"]
[TimeControl "All moves in 15 minutes plus 10 second increment per move from move 1"]
[WhiteElo "2040"]
[BlackElo "1739"]

1. e4 {[%clk 00:15:17]} {[%emt 00:00:02]} c6 {[%clk 00:15:11]} {[%emt
00:00:09]} 2. d4 {[%clk 00:15:17]} {[%emt 00:00:11]} d5 {[%clk 00:15:19]}
{[%emt 00:00:02]} 3. Nc3 {[%clk 00:15:24]} {[%emt 00:00:02]} dxe4 {[%clk
00:15:27]} {[%emt 00:00:02]} 4. Nxe4 {[%clk 00:15:33]} {[%emt 00:00:02]} Nf6
{[%clk 00:15:33]} {[%emt 00:00:05]} 5. Nxf6+ {[%clk 00:15:39]} {[%emt
00:00:03]} exf6 {[%clk 00:15:41]} {[%emt 00:00:02]} 6. Nf3 {[%clk 00:15:26]}
{[%emt 00:00:22]} Bd6 {[%clk 00:15:40]} {[%emt 00:00:11]} 7. Be3 {[%clk
00:15:31]} {[%emt 00:00:05]} O-O {[%clk 00:15:45]} {[%emt 00:00:06]} 8. Qd2
{[%clk 00:15:35]} {[%emt 00:00:06]} Be6 {[%clk 00:14:56]} {[%emt 00:00:58]} 9.
Bd3 {[%clk 00:15:23]} {[%emt 00:00:23]} Nd7 {[%clk 00:14:45]} {[%emt 00:00:20]}
10. c4 {[%clk 00:14:23]} {[%emt 00:01:10]} Re8 {[%clk 00:14:02]} {[%emt
00:00:53]} 11. O-O {[%clk 00:14:14]} {[%emt 00:00:20]} Bg4 {[%clk 00:11:26]}
{[%emt 00:02:45]} 12. Nh4 {[%clk 00:13:47]} {[%emt 00:00:37]} Nf8 {[%clk
00:10:20]} {[%emt 00:01:16]} 13. h3 {[%clk 00:13:26]} {[%emt 00:00:32]} Bd7
{[%clk 00:10:13]} {[%emt 00:00:17]} 14. Rad1 {[%clk 00:12:29]} {[%emt
00:01:06]} Qc8 {[%clk 00:09:19]} {[%emt 00:01:05]} 15. Bf4 {[%clk 00:08:49]}
{[%emt 00:03:50]} Bxf4 {[%clk 00:08:12]} {[%emt 00:01:17]} 16. Qxf4 {[%clk
00:08:57]} {[%emt 00:00:02]} Qb8 {[%clk 00:06:23]} {[%emt 00:02:00]} 17. Qf3
{[%clk 00:08:21]} {[%emt 00:00:45]} Ne6 {[%clk 00:05:26]} {[%emt 00:01:06]} 18.
Qf5 {[%clk 00:05:23]} {[%emt 00:03:08]} Nf8 {[%clk 00:05:12]} {[%emt 00:00:24]}
19. Qh5 {[%clk 00:04:58]} {[%emt 00:00:35]} Qf4 {[%clk 00:04:20]} {[%emt
00:01:03]} 20. Nf3 {[%clk 00:04:19]} {[%emt 00:00:49]} Rad8 {[%clk 00:04:06]}
{[%emt 00:00:23]} 21. g3 {[%clk 00:03:37]} {[%emt 00:00:52]} Qh6 {[%clk
00:03:05]} {[%emt 00:01:11]} 22. Qxh6 {[%clk 00:03:43]} {[%emt 00:00:04]} gxh6
{[%clk 00:03:14]} 23. Kg2 {[%clk 00:03:48]} {[%emt 00:00:05]} Ng6 {[%clk
00:02:51]} {[%emt 00:00:33]} 24. Rfe1 {[%clk 00:03:53]} {[%emt 00:00:05]} h5
{[%clk 00:02:52]} {[%emt 00:00:09]} 25. h4 {[%clk 00:03:18]} {[%emt 00:00:45]}
Bg4 {[%clk 00:02:57]} {[%emt 00:00:06]} 26. Rxe8+ {[%clk 00:03:26]} {[%emt
00:00:02]} Rxe8 {[%clk 00:03:05]} {[%emt 00:00:02]} 27. Rd2 {[%clk 00:03:26]}
{[%emt 00:00:10]} Rd8 {[%clk 00:02:53]} {[%emt 00:00:23]} 28. Bf1 {[%clk
00:02:03]} {[%emt 00:01:32]} Kf8 {[%clk 00:02:43]} {[%emt 00:00:20]} 29. Ne1
{[%clk 00:02:04]} {[%emt 00:00:09]} Be6 {[%clk 00:01:59]} {[%emt 00:00:53]} 30.
Be2 {[%clk 00:01:47]} {[%emt 00:00:27]} b5 {[%clk 00:02:00]} {[%emt 00:00:10]}
31. cxb5 {[%clk 00:01:23]} {[%emt 00:00:35]} cxb5 {[%clk 00:02:08]} {[%emt
00:00:01]} 32. a3 {[%clk 00:01:25]} {[%emt 00:00:08]} Bd5+ {[%clk 00:01:59]}
{[%emt 00:00:19]} 33. Kg1 {[%clk 00:01:32]} {[%emt 00:00:03]} Re8 {[%clk
00:02:05]} {[%emt 00:00:04]} 34. Ng2 {[%clk 00:01:35]} {[%emt 00:00:08]} a6
{[%clk 00:01:47]} {[%emt 00:00:28]} 35. Bxh5 {[%clk 00:01:43]} {[%emt
00:00:02]} Rc8 {[%clk 00:01:53]} {[%emt 00:00:03]} 36. Ne3 {[%clk 00:01:48]}
{[%emt 00:00:05]} Bb3 {[%clk 00:01:44]} {[%emt 00:00:19]} 37. Kg2 {[%clk
00:01:51]} {[%emt 00:00:07]} Ne7 {[%clk 00:01:23]} {[%emt 00:00:30]} 38. Bf3
{[%clk 00:01:58]} {[%emt 00:00:04]} Rd8 {[%clk 00:00:51]} {[%emt 00:00:41]} 39.
Be4 {[%clk 00:01:40]} {[%emt 00:00:28]} h6 {[%clk 00:00:58]} {[%emt 00:00:04]}
40. d5 {[%clk 00:01:33]} {[%emt 00:00:17]} Nc8 {[%clk 00:00:57]} {[%emt
00:00:11]} 41. Nf5 {[%clk 00:01:35]} {[%emt 00:00:08]} Nd6 {[%clk 00:01:00]}
{[%emt 00:00:07]} 42. Nxd6 {[%clk 00:01:27]} {[%emt 00:00:18]} Rxd6 {[%clk
00:01:09]} {[%emt 00:00:01]} 43. Kf3 {[%clk 00:01:31]} {[%emt 00:00:06]} Kg7
{[%clk 00:01:07]} {[%emt 00:00:12]} 44. g4 {[%clk 00:01:33]} {[%emt 00:00:09]}
Bc4 {[%clk 00:01:04]} {[%emt 00:00:13]} 45. Ke3 {[%clk 00:01:39]} {[%emt
00:00:03]} f5 {[%clk 00:01:00]} {[%emt 00:00:14]} 46. gxf5 {[%clk 00:01:43]}
{[%emt 00:00:06]} Kf6 {[%clk 00:01:08]} {[%emt 00:00:01]} 47. Kd4 {[%clk
00:01:52]} {[%emt 00:00:02]} Bb3 {[%clk 00:01:10]} {[%emt 00:00:08]} 48. Kc5
{[%clk 00:01:50]} {[%emt 00:00:12]} Rd8 {[%clk 00:01:19]} {[%emt 00:00:02]} 49.
d6 {[%clk 00:01:52]} {[%emt 00:00:08]} Ke5 {[%clk 00:01:21]} {[%emt 00:00:07]}
50. f3 {[%clk 00:01:53]} {[%emt 00:00:09]} Bc4 {[%clk 00:01:19]} {[%emt
00:00:12]} 51. Kc6 {[%clk 00:01:57]} {[%emt 00:00:06]} a5 {[%clk 00:00:38]}
{[%emt 00:00:51]} 52. Kc7 {[%clk 00:02:05]} {[%emt 00:00:02]} Ra8 {[%clk
00:00:34]} {[%emt 00:00:13]} 53. Bxa8 {[%clk 00:02:12]} {[%emt 00:00:03]} Kd5
{[%emt 00:00:08]} 54. Bb7+ 1-0

[Event "British Rapidplay Championship 2023"]
[Site "Mercure Bradford, Bankfield Hotel"]
[Date "2023.04.15"]
[Round "3.6"]
[White "Baxter, Martin"]
[Black "Mikalajunas, Kajus"]
[Result "0-1"]
[TimeControl "All moves in 15 minutes plus 10 second increment per move from move 1"]
[WhiteElo "1766"]
[BlackElo "2027"]

1. e4 {[%clk 00:15:17]} {[%emt 00:00:02]} d5 {[%clk 00:15:19]} {[%emt
00:00:02]} 2. exd5 {[%clk 00:15:22]} {[%emt 00:00:05]} Nf6 {[%clk 00:15:26]}
{[%emt 00:00:03]} 3. Nc3 {[%clk 00:15:29]} {[%emt 00:00:02]} Nxd5 {[%clk
00:15:33]} {[%emt 00:00:03]} 4. Bc4 {[%clk 00:15:36]} {[%emt 00:00:03]} Nb6
{[%clk 00:15:41]} {[%emt 00:00:02]} 5. Bb3 {[%clk 00:15:44]} {[%emt 00:00:02]}
a5 {[%clk 00:15:49]} {[%emt 00:00:02]} 6. a4 {[%clk 00:15:46]} {[%emt
00:00:09]} Bf5 {[%clk 00:15:56]} {[%emt 00:00:03]} 7. Nf3 {[%clk 00:15:37]}
{[%emt 00:00:19]} e6 {[%clk 00:16:03]} {[%emt 00:00:02]} 8. O-O {[%clk
00:15:40]} {[%emt 00:00:07]} Be7 {[%clk 00:16:11]} {[%emt 00:00:02]} 9. d4
{[%clk 00:15:43]} {[%emt 00:00:07]} O-O {[%clk 00:16:15]} {[%emt 00:00:05]} 10.
Re1 {[%clk 00:15:45]} {[%emt 00:00:09]} Nc6 {[%clk 00:16:16]} {[%emt 00:00:10]}
11. Ne2 {[%clk 00:15:15]} {[%emt 00:00:39]} Qd7 {[%clk 00:16:06]} {[%emt
00:00:20]} 12. Ng3 {[%clk 00:15:06]} {[%emt 00:00:18]} Bg4 {[%clk 00:15:58]}
{[%emt 00:00:19]} 13. c3 {[%clk 00:15:00]} {[%emt 00:00:17]} Rad8 {[%clk
00:15:43]} {[%emt 00:00:25]} 14. h3 {[%clk 00:14:55]} {[%emt 00:00:14]} Bxf3
{[%clk 00:15:40]} {[%emt 00:00:13]} 15. Qxf3 {[%clk 00:15:02]} {[%emt
00:00:03]} Rfe8 {[%clk 00:15:02]} {[%emt 00:00:49]} 16. Qg4 {[%clk 00:13:47]}
{[%emt 00:01:24]} Bf8 {[%clk 00:11:54]} {[%emt 00:03:18]} 17. Bg5 {[%clk
00:12:48]} {[%emt 00:01:09]} Ne7 {[%clk 00:10:20]} {[%emt 00:01:44]} 18. Re3
{[%emt 00:02:02]} e5 19. Rxe5 {[%clk 00:10:56]} Nbd5 {[%clk 00:09:16]} {[%emt
00:01:14]} 20. Bxd5 {[%clk 00:08:42]} Qxd5 {[%clk 00:08:27]} 21. Rb1 {[%emt
00:03:41]} Qc6 22. Rbe1 {[%clk 00:05:42]} Ng6 {[%clk 00:08:20]} {[%emt
00:00:18]} 23. Rxe8 {[%clk 00:05:25]} {[%emt 00:00:27]} Rxe8 {[%clk 00:08:28]}
{[%emt 00:00:02]} 24. Re4 {[%emt 00:00:10]} Re7 25. Rxe7 {[%clk 00:05:25]} Qe8
{[%clk 00:08:36]} {[%emt 00:00:02]} 0-1